000 00907nam a22003137a 4500
001 BR7902994
003 BR-BrBNA
005 20230928090021.0
007 ta
008 230509b bl.||||| |||| 00| 0 por d
040 _aBR-BrBNA
_bpor
_cBiblioteca Nacional de Agricultura
041 _a(Por)
072 _aL10; L50; L40
_b5217
090 _ 5217 BR7902994
100 1 _aRamos, A. de A.
100 1 _aVillares, J.B.
100 1 _aMoura, J.C. de (eds.)
110 1 _aFundacao Cargill, Sao Paulo, SP (Brasil)
_94794
245 1 _aBubalinos [reproducao animal, fisiologia animal, morfologia animal, bufalo]
260 3 _aSao Paulo, SP (Brasil):
_c1979.
300 _a323 p.
650 _aMELHORAMENTO GENETICO ANIMAL
650 _aFISIOLOGIA ANIMAL
650 _aESTRUTURA ANIMAL
650 _aBUFALO
650 _aREPRODUCAO ANIMAL
909 _a202309
_bLucia
_c55
_dLucia Elande
942 _cBK
999 _c27453
_d27453